• 首页
  • 本馆介绍
  • 公告通知
  • 最新文献
  • 馆藏检索
  • 电子资源
  • 读者导购
  • 参考咨询
  • 我的图书馆
  • 登录
  • 详细信息显示
  • 放入我的书架
  • 预约/预借图书
  • 作者相关作品
  • 分类相关作品
  • 丛书相关作品
  • 出版社相关作品

书目信息

  • 表格格式
  • 工作单格式
  • 卡片格式
题名:
多项式和有理函数插值及逼近中的若干课题
    
 
作者: 瓦尔加 , Varga 著 ;吴文达 , 蔡大用 译
分册:  
出版信息: 北京   清华大学出版社  1985
页数: 125页
开本: 19cm
丛书名:
单 册:
中图分类: O174.14 , O174.4
科图分类:
主题词: 有理函数逼近 , 有理函数插值 , 多项式逼近 , 多项式插值 , 数学分析
电子资源:
ISBN:
000 01156nam0 2200361 45
001 0185010056
005 20040520164751.8
010    @dCNY0.95
091    @a023
100    @a19900816d1985 emky0chiy0121 ea
101 1  @achi@ceng
102    @aCN@b110000
105    @ay z 000yy
106    @ar
200 10 @a多项式和有理函数插值及逼近中的若干课题@Aduo xiang shi he you li han shu cha zhi ji bi jin zhong deruo gan ke ti@f(美)瓦尔加(Varga,R.S.)著@g吴文达, 蔡大用译
210    @a北京@c清华大学出版社@d1985
215    @a125页@d19cm
300    @a书名原文: Topics in polynomial and rational interpolation and approximation.
510 1  @aTopics in polynomial and rational interpolation and approximation@zeng
606    @a有理函数逼近
606    @a有理函数插值
606    @a多项式逼近
606    @a多项式插值
606 0  @a数学分析
690    @aO174.14@v3
690    @aO174.4
701  1 @a瓦尔加@Awa er jia@bR.S.@4著
701 A1 @aVarga@bR.S.@4著
702  0 @a吴文达@Awu wen da@4译
702  0 @a蔡大用@Acai da yong@4译
801  0 @aCN@b深圳图书馆@c20040520
801  2 @aCN@bNLC@c20040520
905    @f4@b146902-905@dO174.4@e67
    
    多项式和有理函数插值及逼近中的若干课题/(美)瓦尔加(Varga,R.S.)著/吴文达, 蔡大用译.-北京:清华大学出版社,1985
    125页;19cm
    书名原文: Topics in polynomial and rational interpolation and approximation.
    
    ISBN :CNY0.95
    
●
相关链接 在E读中查询图书 在五车中查询图书 在当当中查询图书 在豆瓣中查询图书


正题名:多项式和有理函数插值及逼近中的若干课题     索取号:O174.4/67         预约/预借

序号 登录号 条形码 馆藏地/架位号 状态 备注
1 0146902   000422876   第三借阅区/ [索取号:O174.4/67] 在馆    
2 0146903   000422885   第三借阅区/ [索取号:O174.4/67] 在馆    
3 0146904   000422867   第三借阅区/ [索取号:O174.4/67] 在馆    
4 0146905   001697934   第三借阅区/ [索取号:O174.4/67] 在馆    
5 0146906   202449216   第二样本阅览室/ [索取号:O174.4/67] 在馆    
欢迎您!
大连网信软件有限公司© 版权所有